LIBRARY & INFORMATION CENTRE, KCAET, TAVANUR

ONLINE PUBLIC ACCESS CATALOGUE (OPAC)

Course in internal combustion engines / (Record no. 360)

MARC details
000 -LEADER
fixed length control field 00464cam a2200181ua 4500
041 ## - LANGUAGE CODE
Language code of text/sound track or separate title eng
082 ## - DEWEY DECIMAL CLASSIFICATION NUMBER
Classification number 621.43
Item number MAT/CO
100 ## - MAIN ENTRY--AUTHOR NAME
Personal name Mathur, M L.
245 ## - TITLE STATEMENT
Title Course in internal combustion engines /
250 ## - EDITION STATEMENT
Edition statement 3 /
260 ## - PUBLICATION, DISTRIBUTION, ETC. (IMPRINT)
Place of publication New Delhi :
Name of publisher Dhanpat Rai Publishing Co. Pvt. Ltd. ,
Year of publication 1985.
300 ## - PHYSICAL DESCRIPTION
Number of Pages 759 ; .
942 ## - ADDED ENTRY ELEMENTS (KOHA)
Koha item type Books
Holdings
Withdrawn status Lost status Damaged status Home library Current library Date acquired Full call number Accession Number Koha item type
      KAUAET KAUAET 26/03/1986 621.43 15240 Books
      KAUAET KAUAET 07/04/2012 621.43 21830 Books
      KAUAET KAUAET 07/04/2012 621.43 21735 Books
free website counter